000 nam a22 a 4500
999 _c2410
_d2410
005 20170516120907.0
008 170516t1982 my ||||| |||| 00| 0 eng d
020 _a94025780102
040 _aAKMAL
082 _a428.6 AWA
090 _a428.6
_bAWA
245 _aLaporan Jawatankuasa Mengkaji Penggunaan Bahasa Malaysia
260 _aKuala Lumpur
_bKementerian Pelajaran Malaysia
_c1982
300 _a154p
_c22cm
942 _2ddc
_cBOOK